<?xml version="1.0" encoding="UTF-8"?>
<record
    xmlns:xsi="http://www.w3.org/2001/XMLSchema-instance"
    xsi:schemaLocation="http://www.loc.gov/MARC21/slim http://www.loc.gov/standards/marcxml/schema/MARC21slim.xsd"
    xmlns="http://www.loc.gov/MARC21/slim">

  <leader>00827nam a22001817a 4500</leader>
  <controlfield tag="008">140113t        mx||||| |||| 00| 0 spa d</controlfield>
  <datafield tag="050" ind1="0" ind2="4">
    <subfield code="a">F1306</subfield>
    <subfield code="b">M67 2006</subfield>
  </datafield>
  <datafield tag="111" ind1="1" ind2=" ">
    <subfield code="a">Concurso estatal de Dibujo, Cuento y Poes&#xED;a.</subfield>
    <subfield code="c">Morelia, Mich.)</subfield>
    <subfield code="d">(2006 :</subfield>
  </datafield>
  <datafield tag="245" ind1="0" ind2="0">
    <subfield code="a">Memoria del 3er. Concurso Estatal de dibujo, Cuento y poes&#xED;a 2006: </subfield>
    <subfield code="b">creando la equidad/ </subfield>
    <subfield code="c">Gobierno del Estado de Michoac&#xE1;n, Instituto de la Mujer</subfield>
  </datafield>
  <datafield tag="250" ind1=" " ind2=" ">
    <subfield code="a">1a. ed.</subfield>
  </datafield>
  <datafield tag="260" ind1=" " ind2=" ">
    <subfield code="a">Morelia, Mich. M&#xE9;xico : </subfield>
    <subfield code="b">Intituto Michoacano de la Mujer,</subfield>
    <subfield code="c">2006</subfield>
  </datafield>
  <datafield tag="300" ind1=" " ind2=" ">
    <subfield code="a">107p. : </subfield>
    <subfield code="b">il. ; </subfield>
    <subfield code="c">21cm.</subfield>
  </datafield>
  <datafield tag="440" ind1=" " ind2="0">
    <subfield code="a">Ciudadan&#xED;a y participaci&#xF3;n democr&#xE1;tica</subfield>
  </datafield>
  <datafield tag="504" ind1=" " ind2=" ">
    <subfield code="a">Incluye &#xED;ndice</subfield>
  </datafield>
  <datafield tag="650" ind1=" " ind2="4">
    <subfield code="a">Concurso Dibujo, cuento y poes&#xED;a </subfield>
    <subfield code="v">Discursos, ensayos y conferencias</subfield>
  </datafield>
  <datafield tag="711" ind1="2" ind2=" ">
    <subfield code="a">Concurso estatal de Dibujo, Cuento y Poes&#xED;a.</subfield>
    <subfield code="c">Morelia, Mich.)</subfield>
    <subfield code="d">(2006 :</subfield>
  </datafield>
  <datafield tag="942" ind1=" " ind2=" ">
    <subfield code="2">lcc</subfield>
    <subfield code="c">LIB</subfield>
  </datafield>
  <datafield tag="999" ind1=" " ind2=" ">
    <subfield code="c">47277</subfield>
    <subfield code="d">47277</subfield>
  </datafield>
  <datafield tag="952" ind1=" " ind2=" ">
    <subfield code="1">0</subfield>
    <subfield code="2">lcc</subfield>
    <subfield code="4">0</subfield>
    <subfield code="7">0</subfield>
    <subfield code="a">LIC-047</subfield>
    <subfield code="b">LIC-047</subfield>
    <subfield code="c">GENERAL</subfield>
    <subfield code="d">2014-01-13</subfield>
    <subfield code="e">Donaci&#xF3;n</subfield>
    <subfield code="h">BFP000002509</subfield>
    <subfield code="i">Ciencias de la salud</subfield>
    <subfield code="k">Ciencias de la salud</subfield>
    <subfield code="o">F1306 M67 2006</subfield>
    <subfield code="p">BFP000002509</subfield>
    <subfield code="r">2014-01-13 00:00:00</subfield>
    <subfield code="t">1</subfield>
    <subfield code="y">LIB</subfield>
  </datafield>
</record>
